Vocabulaire allemand 2 - Statistiques

Statistiques générales
  • Ce quiz a été pris 10 fois
  • Le résultat moyen est 2 sur 27
Statistiques - réponses
Hint Réponse % Correct
onze pourcent elf Prozent
90%
certains (sans substantif) manche
30%
moyen, en moyenne durchschnittlich
20%
un enfant de treize ans ein dreizehnjähriges Kind
20%
ajouter hinzufügen
10%
en moyenne im Durchschnitt
10%
au moins (+ chiffre) mindestens
10%
relatif, relativement relativ
10%
la moyenne der Durchschnitt(e)
0%
le seul à (faire qc) der Einzige (, der etwas tut)
0%
deux fois (plus grand que) doppelt (so gross wie)
0%
le double (sens adverbial) doppelt so viel
0%
augmenter de (avec COD) erhören um + A
0%
deux fois moins halb so viel
0%
au plus (+chiffre) höchstens
0%
au contraire, + reste phrase im Gegenteil + sujet + verbe
0%
à la différence de im Unterschied zu + D
0%
par rapport à, en comparaison de im Vergleich zu + D
0%
un Allemand sur trois jeder dritte Deutsche
0%
certains + substantif manche ou bestimmte ou gewisse + substantif
0%
à (l'âge de) six ans mit sechs Jahren
0%
réduire à reduzieren auf + A
0%
environ (+ chiffre) rund ou ca. ( se prononce zirka)
0%
baisser de (avec COD), faire baisser senken um + A
0%
baisser de (sans COD) sinken um + A
0%
augmenter de (sans COD) steigen um + A ou sich erhören um + A
0%
deux Allemands sur trois zwei von drei Deutschen
0%
Aucun quiz correspondant
Distribution des résultats
% des personnes avec chaque résultat
Percentile par nombre de réponses
Votre historique - résultats
Vous n’avez pas pris ce quiz